000 01481nam a2200313 c 4500
003 BLK
005 20190926123934.0
008 180411b bul|||||r ||||||| ||bul||
010 _aKNG00195441000
040 _aBLK
041 _aBUL
_cBUL
080 _aТехнология на металите. Металообработване. Общи въпроси
_b621.7/.9
_x(075.8)
_z621.7/.9(075.8)
100 1 _aНедялков, Александър Стоянов
_eпърви автор
_9344101
700 1 _aСъбчев, Петър Маринов
_eсъавт.
_9370003
700 1 _aМаров, Димитър Д.
_eсъавт.
_9344102
139 _aНедялков, Александър Стоянов и др.
_bН 46
245 1 0 _aТехнологична екипировка
_bУчебник за студентите от ВТУЗ
_cАлександър Стоянов Недялков; съавт. Петър Маринов Събчев; съавт. Димитър Д. Маров.
257 _aBGR
260 София
_bТехника
_c1987
_fВраца : В. Александров
300 _a367 с.
_bсъс сх., табл.
_c22 см
380 _a62
500 _a5 088 тир. - Библиогр. с. 364-365.
650 4 _aТехнология на металите - учебници за ВУЗ
_9289410
852 _aЦб149243
856 4 _qpdf
_u
856 4 _qpdf
_u
942 _cKNG
_n0
_02
944 _aCR
_c08.11.2016
_kКети_Илиева
944 _aED
_c08.11.2016
_kКети_Илиева
999 _c186446
_d186446